00903nam a2200169Ia 4500008004100000020001500041050002100056100005000077245011100127260003700238300001800275500004800293504002800341505033200369650001300701650001900714120720s1998 mx 000 0 spa d a9701018451 aHF5500bF72 199810aFranklin Fincowsky, Enrique Benjamíneautor aOrganización de Empresasb : Análisis, Diseño y Estructurac / Enrique Benjamín Franklin Fincowsky aMéxicob : McGraw Hillc, 1998 a341 páginas aIncluye: índice analítico (pp. 335-341) aBibliografía (p. 322) aMetodología para el desarrollo de estudios organizacionales Manejo de formas en las organizaciones Organigramas: Normas generales para su preparación Distribución del espacio en las áreas de trabajo Manuales administrativos Diagramación Reorganización administrativa Asistencia técnica y servicio de consultoría14aEMPRESAS24aORGANIZACIÓN